00495 a2200157 4500245006500000020001500065700001900080700002400099650001600123005001700139260004300156084002100199300005200220500004800272999001700320 aEmotional intelligenceb : an international handbookhprint a0889372837 aSchulze, Ralf. aRoberts, Richard D. aProgramming20191017173734.0 amaubHogrefe & Huber Publisherscc2005 aBF576 .E463 2005 axviii, 365 p. b 24 cm.cxviii, 365 p. ; 24 cm. aedited by Ralf Schulze, Richard D. Roberts. c10670d10670